1018 1241 1918 1683 1558 1065 1427 1102 1296 1500 1208 1746 1155 1785 1375 1512 1122 1905 1045 1410 1597 1084 1428 1187 1810 1343 1042 1678 1106 1903 1034 1875 1167 1195 1366 1818 1080 1988 1088 1232 1863 1916 1665 1102 1056 1252 1419 1246 1905 1800 1045 1233 1518 1634 1396 1504 1442 1162 1012 1877 1269 1158 1254 1275 1846 1429 1692 1017 1884 1816 1518 1537 1739 1065 1965 1820 1070 1923 1383 1484 1272 1119 1576 1173 1788 1738 1309 1264 1975 1800 1271 1172 1598 1667 1292 1208 1064 1528 1464 BCNSPRNW ULIB Ver.6.0+V

เปลี่ยนเป็นภาษาไทย

Change to English
 แสดงรายละเอียดบรรณานุกรม
  กลับหน้าหลัก

Brief Record : Get Marc (ISO 2709) : E-mail record : QR code < ปิดหน้าต่าง
LEADER : 00000nam 2200000uu 4500
001    13399124377
003     ULIB
008    150529s2547||||th 000 0 tha d
099    วจ.QT255^bช6178ค
100 0  ชุติมา ชลประทิน
245 00 ความสัมพันธ์ระหว่างปัจจัยด้านสังคมและการรับรู้ความสามารถของตนเองกับพฤติกรรมการออกกำลังกายของนักศึกษาพยาบาล วิทยาลัยพยาบาลบรมราชชนนี สวรรค์ประชารักษ์ นครสวรรค์ ^cชุติมา ชลประทิน
260    นครสวรรค์:^bวิทยาลัยพยาบาลบรมราชชนนี สวรรค์ประชารักษ์ นครสวรรค์^c2547
300    73 หน้า
650  0 พฤติกรรมการออกกำลังกาย^xวิจัย
650  0 การรับรู้ความสามารถของตนเอง^xวิจัย
945    ^p0^l0^i039457
999    ^aเกษร โพธิ์สุวรรณ
รายการนี้ยังไม่มีแท็ก
คุณยังไม่ได้ล็อกอิน คุณสามารถมีกิจกรรมร่วมกับเว็บไซต์ได้ แต่ต้องล็อกอินก่อน ::
  ล็อกอิน

รายการสื่อสารสนเทศ

ลำดับที่ ประเภท เลขเรียก/บาร์โค้ด สถานที่ สถานะ
1. งานวิจัย
งานวิจัย
วจ.QT255 ช6178ค ฉ.1 
  Barcode: 039457
ห้องสมุดวิทยาเขตสวรรค์ประชารักษ์
►วิจัย
บนชั้น

รายการใกล้เคียง
    ผู้แต่ง [ชุติมา ชลประทิน]

BibComment


ยังไม่เคยถูกคอมเมนท์

คอมเมนท์ทรัพยากรรายการนี้
  คอมเมนท์: ความสัมพันธ์ระหว่..


 Copyright 2026. Bcnsprnw @Library